Foreign Direct Investment between the European Union and New Zealand

Priame zahraničné investície zohrávajú kľúčovú úlohu v hospodárskom rozvoji krajiny, prispievajú k technologickému pokroku, tvorbe pracovných miest a celkovému hospodárskemu rastu. Cieľom príspevku bolo zhodnotiť investičnú aktivitu medzi EÚ a Novým Zélandom. Pre Nový Zéland sú zahraničné investície...

Ausführliche Beschreibung

Gespeichert in:
Bibliographische Detailangaben
1. Verfasser: Sajková, Patrícia, 1999-
Weitere Verfasser: Kašťáková, Elena, 1974-
Format: Buchkapitel
Sprache:Englisch
Schlagworte:
Tags: Tag hinzufügen
Keine Tags, Fügen Sie das erste Tag hinzu!

MARC

LEADER 00000naa a2200000 4500
001 0304753
005 20241205191700.4
041 0 |a eng 
044 |a SK 
245 1 0 |a Foreign Direct Investment between the European Union and New Zealand  |c Patrícia Sajková, Elena Kašťáková 
520 |a Priame zahraničné investície zohrávajú kľúčovú úlohu v hospodárskom rozvoji krajiny, prispievajú k technologickému pokroku, tvorbe pracovných miest a celkovému hospodárskemu rastu. Cieľom príspevku bolo zhodnotiť investičnú aktivitu medzi EÚ a Novým Zélandom. Pre Nový Zéland sú zahraničné investície nevyhnutné na udržanie a zlepšenie medzinárodnej konkurencieschopnosti novozélandských podnikov. Zahraničné investície prispievajú k regionálnemu rozvoju a tvorbe pracovných miest, pričom každý piaty Novozélanďan pracuje v podniku, ktorý je čiastočne financovaný z priamych zahraničných investícií. Najväčšími investormi na Novom Zélande sú Austrália a EÚ. Nový Zéland je tradičným importérom kapitálu, ktorý podporuje internacionalizáciu svojej ekonomiky a zlepšuje konkurencieschopnosť. Zároveň v Dohode o voľnom obchode medzi EÚ a Novým Zélandom (2024) začali platiť rovnaké podmienky pre investorov na oboch územiach, takže je najpriaznivejší čas na vzájomné investovanie. 
610 2 0 |a investície priame zahraničné 
610 2 0 |a rozvoj hospodársky 
610 2 0 |a Európska únia 
610 2 0 |a Nový Zéland 
100 1 |a Sajková, Patrícia, 1999- 
700 1 |a Kašťáková, Elena, 1974-